<?xml version="1.0" encoding="UTF-8"?>
<record
    xmlns:xsi="http://www.w3.org/2001/XMLSchema-instance"
    xsi:schemaLocation="http://www.loc.gov/MARC21/slim http://www.loc.gov/standards/marcxml/schema/MARC21slim.xsd"
    xmlns="http://www.loc.gov/MARC21/slim">

  <leader>01344cam a2200241Ia 4500</leader>
  <controlfield tag="001">10520800</controlfield>
  <controlfield tag="003">OSt</controlfield>
  <controlfield tag="005">20240530110621.0</controlfield>
  <controlfield tag="008">130913s2013    fr a     b    000 0 fre d</controlfield>
  <datafield tag="020" ind1=" " ind2=" ">
    <subfield code="a">9782724706413</subfield>
  </datafield>
  <datafield tag="040" ind1=" " ind2=" ">
    <subfield code="c">EG-CAGPL</subfield>
  </datafield>
  <datafield tag="082" ind1="0" ind2="4">
    <subfield code="a">932</subfield>
    <subfield code="2">21</subfield>
    <subfield code="b">CC/E S</subfield>
  </datafield>
  <datafield tag="245" ind1="0" ind2="3">
    <subfield code="a">Le statut du musicien dans la M&#xE9;diterran&#xE9;e ancienne :</subfield>
    <subfield code="b">Egypte, M&#xE9;sopotamie, Gr&#xE8;ce, Rome : actes de la table ronde internationale tenue a Lyon Maison de l'Orient et de la M&#xE9;diterran&#xE9;e (universit&#xE9; Lumi&#xE9;re Lyon2) les 4 et 5 Juillet 2008, Lyon /</subfield>
    <subfield code="c">Sibylle Emerit ; Laure Pantalacci.</subfield>
  </datafield>
  <datafield tag="260" ind1=" " ind2=" ">
    <subfield code="a">Paris :</subfield>
    <subfield code="b">Ifao du Caire</subfield>
    <subfield code="c">2013.</subfield>
  </datafield>
  <datafield tag="300" ind1=" " ind2=" ">
    <subfield code="a">324 p. :</subfield>
    <subfield code="b">col. ill. ;</subfield>
    <subfield code="c">28 cm.</subfield>
  </datafield>
  <datafield tag="490" ind1="1" ind2=" ">
    <subfield code="a">Biblioth&#xE8;que d'&#xE9;tude ;</subfield>
    <subfield code="v">159</subfield>
  </datafield>
  <datafield tag="504" ind1=" " ind2=" ">
    <subfield code="a">Includes bibliographical references.</subfield>
  </datafield>
  <datafield tag="520" ind1="8" ind2=" ">
    <subfield code="a">Cet ouvrage interdisciplinaire aborde la question du statut du musicien professionnel dans l'Antiquit&#xE9; orientale et en M&#xE9;diterran&#xE9;e classique, selon une d&#xE9;marche anthropologique et historique. Sont tour &#xE0; tour trait&#xE9;s les th&#xE8;mes de la r&#xE9;mun&#xE9;ration, des honneurs re&#xE7;us, de l'apparat, de la formation et du savoir-faire, mais aussi celui des limites juridiques et sociales qui frappent &#xE0; le musicien.0.</subfield>
  </datafield>
  <datafield tag="650" ind1=" " ind2="0">
    <subfield code="a">Music</subfield>
    <subfield code="z">Egypt</subfield>
    <subfield code="x">History.</subfield>
  </datafield>
  <datafield tag="650" ind1=" " ind2="0">
    <subfield code="a">Music, Greek and Roman</subfield>
    <subfield code="x">History.</subfield>
  </datafield>
  <datafield tag="830" ind1=" " ind2="0">
    <subfield code="a">Biblioth&#xE8;que d'&#xE9;tude ;</subfield>
    <subfield code="v">t. 159.</subfield>
  </datafield>
  <datafield tag="942" ind1=" " ind2=" ">
    <subfield code="2">ddc</subfield>
    <subfield code="c">BK</subfield>
  </datafield>
  <datafield tag="999" ind1=" " ind2=" ">
    <subfield code="c">63046</subfield>
    <subfield code="d">63046</subfield>
  </datafield>
  <datafield tag="952" ind1=" " ind2=" ">
    <subfield code="0">0</subfield>
    <subfield code="1">0</subfield>
    <subfield code="2">ddc</subfield>
    <subfield code="4">0</subfield>
    <subfield code="7">0</subfield>
    <subfield code="a">CAI</subfield>
    <subfield code="b">CAI</subfield>
    <subfield code="c">CAIRO-LIBRARY</subfield>
    <subfield code="d">2016-12-19</subfield>
    <subfield code="l">0</subfield>
    <subfield code="o">932 CC/E S</subfield>
    <subfield code="p">162994</subfield>
    <subfield code="r">2016-12-19 00:00:00</subfield>
    <subfield code="w">2016-12-19</subfield>
    <subfield code="y">BK</subfield>
  </datafield>
</record>
